000
00314nam a22001457a 4500
003
SGT
082
_a
340.1,FIT
100
_a
FITZGERALD, P J
245
_a
SALMOND ON JURISPRUDENCE
250
_a
12TH
260
_a
NEW DELHI
_b
UNIVERSAL BOOK
_c
2014
300
_a
481
650
_a
JURISPRUDENCE
942
_2
ddc
_c
BK
_0
1
999
_c
9934
_d
9934